Statistiken für Musiker erraten - Hip-Hop

Klicken Sie hier um das Quiz zu spielen!

Allgemein

  • Dieses Quiz wurde 403 mal gespielt
  • Das Durchschnittsergebnis liegt bei 7 aus 16

Antwortstatistiken

Antwort% Korrekt
50 Cent
98%
Ice Cube
86%
Eminem
63%
MC Hammer
55%
Flo Rida
51%
Snoop Dogg
51%
Pitbull
49%
Tyga
47%
Lil Baby
46%
Vanilla Ice
43%
ASAP Rocky
29%
will.i.am
28%
Salt-N-Pepa
15%
Tupac Shakur
13%
Drake
11%
Black Sheep
4%

Verteilung der Resultate

Perzentil nach korrekt beantworteten Fragen

Anzahl Personen mit jedem Resultat

Ihre Resultats-Entwicklung

Sie haben dieses Quiz noch nicht gespielt